The use of psychological assessments in a Southern Illinois diverson program: an outcome study of recommendation adherence in juvenile offenders

Guardado en:  
Detalles Bibliográficos
Autor principal: Johnson, Abigail (Autor)
Tipo de documento: Print Libro
Lenguaje:Inglés
Publicado: 2009
En:Año: 2009
Verificar disponibilidad: HBZ Gateway
Servicio de pedido Subito: Pedir ahora.
Palabras clave:

MARC

LEADER 00000cam a2200000 c 4500
001 1394369344
003 DE-627
005 20220528144153.0
007 tu
008 100616s2009 xx ||||| m 00| ||eng c
024 8 |a 3372533  |q Order no. 
035 |a (DE-627)1394369344 
035 |a (DE-576)324369344 
035 |a (DE-599)BSZ324369344 
040 |a DE-627  |b ger  |c DE-627  |e rakwb 
041 |a eng 
100 1 |a Johnson, Abigail  |4 aut 
245 1 4 |a The use of psychological assessments in a Southern Illinois diverson program  |b an outcome study of recommendation adherence in juvenile offenders  |c by Abigail Johnson 
264 1 |c 2009 
300 |a XII, 238 S. 
336 |a Text  |b txt  |2 rdacontent 
337 |a ohne Hilfsmittel zu benutzen  |b n  |2 rdamedia 
338 |a Band  |b nc  |2 rdacarrier 
502 |a [Carbondale, Ill.], Southern Illinois Univ., Diss., 2009 
583 1 |a Archivierung prüfen  |c 20200919  |f DE-640  |z 1  |2 pdager 
655 7 |a Hochschulschrift  |0 (DE-588)4113937-9  |0 (DE-627)105825778  |0 (DE-576)209480580  |2 gnd-content 
751 |a Carbonddale <Ill.>  |4 uvp 
935 |a mkri 
951 |a BO 
ELC |b 1 
LOK |0 000 xxxxxcx a22 zn 4500 
LOK |0 001 2638676187 
LOK |0 003 DE-627 
LOK |0 004 1394369344 
LOK |0 005 20100616120156 
LOK |0 008 100616||||||||||||||||ger||||||| 
LOK |0 040   |a DE-Frei85  |c DE-627  |d DE-Frei85 
LOK |0 852   |z Kopie, erschienen im Verlag Univ. Microfilms Internat., Ann Arbor, 2009 
LOK |0 852   |a DE-Frei85 
LOK |0 852 1  |m p  |9 00 
LOK |0 938   |k p 
LOK |0 939   |a 16-06-10  |b l01 
ORI |a SA-MARC-krimdoka001.raw